| 000 | 00391nam a2200157Ia 4500 | ||
|---|---|---|---|
| 003 | OSt | ||
| 005 | 20230527113713.0 | ||
| 008 | 211028s2008 xx 000 0 und d | ||
| 040 | _cAIMIT LIBRARY | ||
| 041 | _aeng | ||
| 100 |
_aBopaiah, Anjali; Hemalatha. _g60471504 _98980 |
||
| 110 |
_aHemalatha _98981 |
||
| 245 | _aMicroarray analysis. | ||
| 260 |
_aMangalore _c2008 |
||
| 942 |
_2ddc _cPRO |
||
| 999 |
_c220153 _d220153 |
||